Mr Sammler's planet / (Record no. 17878)

MARC details
000 -LEADER
fixed length control field 00899 am a22002893u 4500
001 - CONTROL NUMBER
control field 010954975
003 - CONTROL NUMBER IDENTIFIER
control field EG-ScBUE
005 - DATE AND TIME OF LATEST TRANSACTION
control field 20210517101726.0
008 - FIXED-LENGTH DATA ELEMENTS--GENERAL INFORMATION
fixed length control field 700819s1970 enk f 000 1 eng d
020 ## - INTERNATIONAL STANDARD BOOK NUMBER
International Standard Book Number 0297000403
040 ## - CATALOGING SOURCE
Original cataloging agency Uk
Language of cataloging eng
Description conventions rda
Transcribing agency Uk
Modifying agency EG-ScBUE
082 04 - DEWEY DECIMAL CLASSIFICATION NUMBER
Classification number 813.52
Item number BEL
Edition number 22
100 1# - MAIN ENTRY--PERSONAL NAME
Personal name Bellow, Saul,
Relator term author.
9 (RLIN) 34702
245 10 - TITLE STATEMENT
Title Mr Sammler's planet /
Statement of responsibility, etc Saul Bellow.
264 #1 - PUBLICATION, DISTRIBUTION, ETC. (IMPRINT)
Place of publication, distribution, etc London :
Name of publisher, distributor, etc Weidenfeld and Nicolson,
Date of publication, distribution, etc 1970.
300 ## - PHYSICAL DESCRIPTION
Extent 313 pages ;
Dimensions 21 cm
336 ## - CONTENT TYPE
Source rdacontent
Content type term text
Content type code txt
337 ## - MEDIA TYPE
Source rdamedia
Media type term unmediated
Media type code n
338 ## - CARRIER TYPE
Source rdacarrier
Carrier type term volume
Carrier type code nc
650 #7 - SUBJECT ADDED ENTRY--TOPICAL TERM
Topical term or geographic name as entry element Holocaust survivors
General subdivision Fiction.
Source of heading or term BUEsh
9 (RLIN) 34703
650 #7 - SUBJECT ADDED ENTRY--TOPICAL TERM
Topical term or geographic name as entry element English fiction
Chronological subdivision 20th century.
Source of heading or term BUEsh
9 (RLIN) 9886
650 #7 - SUBJECT ADDED ENTRY--TOPICAL TERM
Topical term or geographic name as entry element City and town life
Form subdivision Fiction.
Source of heading or term BUEsh
9 (RLIN) 19500
651 ## - SUBJECT ADDED ENTRY--GEOGRAPHIC NAME
Source of heading or term BUEsh
653 ## - INDEX TERM--UNCONTROLLED
Arrived date list December2013
Resource For college Humanities: English
655 ## - INDEX TERM--GENRE/FORM
Form subdivision Reading book
9 (RLIN) 34232
942 ## - ADDED ENTRY ELEMENTS (KOHA)
Source of classification or shelving scheme Dewey Decimal Classification
Koha item type Book - Borrowing
Call number prefix 823 BEL
Holdings
Withdrawn status Lost status Source of classification or shelving scheme Damaged status Not for loan Collection code Home library Current library Shelving location Date acquired Source of acquisition Full call number Barcode Date last seen Price effective from Koha item type
    Dewey Decimal Classification     Donation-Gift Central Library Central Library Second Floor 19/12/2013 Donation 813.52 BEL 000035246 15/07/2025 19/12/2013 Book - Borrowing